Zákon č. 446 z 30. novembra 2000, ktorým sa mení a dopĺňa zákon č. 100/1988 Zb. o sociálnom zabezpečení v znení neskorších predpisov

Dokončenie z č. 2/2001. Úplné znenie novelizovaných paragrafov s komentármi.

Salvato in:
Dettagli Bibliografici
Autore principale: Novotná, Eleonóra
Altri autori: Kasanická, Kornélia
Natura: Capitolo di libro
Lingua:slovacco
Soggetti:
Tags: Aggiungi Tag
Nessun Tag, puoi essere il primo ad aggiungerne!!

MARC

LEADER 00000naa a2200000 4500
001 r041045
005 20230925072610.2
041 0 |a slo 
044 |a SK 
245 1 0 |a Zákon č. 446 z 30. novembra 2000, ktorým sa mení a dopĺňa zákon č. 100/1988 Zb. o sociálnom zabezpečení v znení neskorších predpisov  |c Eleonóra Novotná, Kornélia Kasanická 
520 |a Dokončenie z č. 2/2001. Úplné znenie novelizovaných paragrafov s komentármi. 
610 2 0 |a zabezpečenie sociálne 
610 2 0 |a zákony 
610 2 0 |a Slovensko 
610 2 0 |a novelizácia 
610 2 0 |a 2000 
100 1 |a Novotná, Eleonóra 
700 1 |a Kasanická, Kornélia